Statistics for Airlines That Fly To Southeast Florida

Click here to take the quiz!

General Stats

  • This quiz has been taken 162 times
  • The average score is 28 of 47

Answer Stats

Airports This Airline ServesAnswer% Correct
PBI, FLL, MIAAmerican Airlines
95%
PBI, FLL, MIAUnited Airlines
92%
FLL, MIAWestJet Airlines
92%
PBI, FLL, MIADelta Air Lines
91%
PBI, FLLSouthwest Airlines
90%
PBI, FLLSpirit Airlines
90%
MIABritish Airways
85%
PBI, FLLJetBlue Airways
84%
MIAAer Lingus
80%
PBI, FLL, MIAAir Canada
79%
MIAAir France
79%
PBI, FLL, MIAFrontier Airlines
78%
MIALufthansa
77%
MIAAeromexico
74%
FLLEmirates
73%
FLLAlaska Airlines
71%
MIALATAM
68%
PBI, FLLAllegiant Air
66%
MIAIberia
66%
MIAKLM
66%
FLL, MIAAvianca
64%
MIAVirgin Atlantic Airways
63%
MIAAlitalia
61%
MIAQatar
60%
MIAEl Al Airlines
58%
MIATAP Portugal
57%
MIAAeroflot
55%
MIASAS Scandinavian
55%
MIASun Country
53%
MIATurkish Airlines
53%
FLL, MIACaribbean Airlines
51%
FLL, MIABahamasair
50%
FLL, MIACopa Airlines
48%
FLL, MIANorwegian Air
46%
PBI, FLLSilver Airways
46%
FLLAzul
45%
FLL, MIAVolaris
43%
FLLAir Transat
40%
MIAFinnair
39%
MIAInterjet
39%
MIACayman Airlines
34%
MIATui
34%
FLLSunwing
32%
MIAAir Eurpoa
29%
MIAEurowings
29%
MIABOA Boliviana De Aviacion
24%
MIASwift Air
20%

Score Distribution

Percentile by Number Answered

Percent of People with Each Score

Your Score History

You have not taken this quiz